000 01028nam a2200301 c 4500
003 BLK
005 20191212121051.0
008 180409b bul|||||r ||||||| ||bul||
010 _aKNG00109721000
020 _a954-528-406-4
_bиздат.: Труд
040 _aBLK
041 _aBUL
_cBUL
080 _aБългарска литература
_b821.163.2
_x-31
_z821.163.2-31
100 1 _aГолев, Иван Владимиров
_eпърви автор
_9371462
139 _aГолев, Иван Владимиров
_bГ 63
245 1 0 _aОх, лю(бо)в
_bРоман(с)
_cИван Владимиров Голев.
257 _aBGR
260 София
_bТруд
_c2003
_fСофия : унив. печ. Св. Кл. Охридски
300 _a268 с.
_c20 см
380 _aX
500 _aОфс. изд. - 500 тир.
653 _aромани
852 _aЦб 217201
856 4 _qpdf
_u
856 4 _qpdf
_u
942 _cKNG
_n0
_01
944 _aCR
_c16.12.2003
_kЛюдмила_Стоянова
944 _aED
_c12.04.2005
_k
999 _c104613
_d104613